000 00784nam a2200241 a 4500
999 _c11627
_d11627
001 11627
003 BD-JhCC
005 20220201134022.0
008 200712b2018 bg |||| ||a| 001 0 ben d
020 _a9840756915
035 _a(BD-JhCC)11627
040 _aBD-JhCC
_dBD-JhCC
041 _aben
082 _a940.27
_bKHA 2018
100 _aখান, মুহম্মদ আলী আসগার
245 _aআধুনিক ইউরোপের ইতিহাস (১৭৮৯-১৯১৯) /
_cমুহম্মদ আলী আসগার খান .
260 _aঢাকা:
_bবাংলা একাডেমি;
_c২০১৮.
300 _a469 p. :
_c22 cm.
650 _aEurope
650 _aHistory, Modern
942 _2ddc
_cBK
_03